000 00581nam a2200169 i 4500
001 54985
003 ES-MaACL
005 20250828073705.0
007 t|
008 030910s1945 sp ||||1| spa d
110 1 _aZaragoza.
_bDelegación de Distrito de Educación Nacional
_93368
245 1 0 _aMemoria de las actividades correspondientes al año 1944 de la Delegación de Distrito de Educación Nacional de Zaragoza.
260 _aZaragoza :
_bEl Noticiero,
_c1945.
300 _a91 p., 2 lám. ;
_c24 cm.
852 _aES-MaACL
_j1867-F-10
_bR.21559
999 _c54985
_d54985